| 000 | 01018nam a22002537a 4500 | ||
|---|---|---|---|
| 005 | 20170124103047.0 | ||
| 010 | _aA-909551 | ||
| 020 | _c100.00 | ||
| 035 | _aA-909551 | ||
| 037 | _bCen Lib/Ret | ||
| 040 |
_aDPL _bHN |
||
| 082 |
_aउ _bशर्माया |
||
| 100 |
_aशर्मा, यादवेन्द्र _99690 |
||
| 245 |
_aगुलाबड़ी / _cयादवेन्द्र शर्मा |
||
| 246 |
_aGulabdi / _bby Yaadvendra Sharma |
||
| 260 |
_aनयी दिल्ली _bपुस्तकायन _c1998 |
||
| 270 |
_a2/4240-ए, अंसारी रोड _bनयी दिल्ली _e110002 |
||
| 300 |
_a126पृ. _c19सेमी (सजिल्द ) |
||
| 650 |
_aहिंदी साहित्य _x _z _969123 |
||
| 650 |
_aहिंदी साहित्य _v _xउपन्यास _969124 |
||
| 650 |
_aHindi literature _969125 |
||
| 650 |
_aHindi literature _xfiction _969126 |
||
| 942 |
_2ddc _cHN _hउ _mशर्माया |
||
| 999 |
_c116937 _d116937 |
||